Guess the Lyrics #37 - Statistics

General Stats
  • This quiz has been taken 2,645 times
  • The average score is 79 of 243
Answer Stats
Lyrics % Correct
I
99%
a
96%
A
96%
you
90%
the
89%
The
89%
he
79%
He
79%
me
75%
and
73%
And
73%
when
73%
When
73%
to
72%
we
72%
We
72%
in
68%
on
68%
is
67%
your
67%
my
62%
My
62%
no
59%
So
59%
so
59%
of
51%
you're
50%
for
49%
that
47%
there,
47%
this
41%
too
40%
one
38%
his
37%
but
35%
But
35%
day
35%
As
33%
as
33%
I'll
33%
life,
33%
at
32%
get
29%
with
29%
take
28%
Oh
26%
oh
26%
yours
26%
live
24%
won't
23%
feel
22%
You'll
18%
away
17%
back
13%
into
13%
run
12%
alone
11%
far
11%
close,
10%
there's
10%
Without
10%
fall
9%
fire
9%
stand,
9%
through
9%
You'd
9%
another
8%
breath
8%
sky
8%
yet
8%
fight
7%
lay
7%
better
6%
break
6%
near,
6%
near
6%
next
6%
ground
5%
pain
5%
takes
5%
waiting
5%
death
4%
gets
4%
tear,
4%
fear,
3%
round
3%
turning
3%
wall
3%
attack
2%
below
2%
dry
2%
enough
2%
guns
2%
smell
2%
sounds,
2%
The Trooper - Iron Maiden
2%
acrid
1%
battlefield,
1%
begins
1%
blow
1%
bodies
1%
body's
1%
bugle
1%
certain
1%
charge
1%
comrades
1%
draw
1%
forgotten
1%
gazing
1%
horse,
1%
horse
1%
horse's
1%
human
1%
mighty
1%
musket,
1%
numb
1%
plunge
1%
pulls
1%
race
1%
roar
1%
Russian
1%
Russians
1%
screams
1%
sights
1%
smoke
1%
sweats
1%
throat
1%
towards
1%
trigger
1%
wins
1%
burst
0%
groan
0%
hurdle
0%
parting
0%
rounds
0%
No matching quizzes found
Score Distribution
Percent of People with Each Score
Percentile by Number Answered
Your Score History
You have not taken this quiz